00847nam a22002297a 450000500170000001000150001702000260003203500140005803700090007208200170008124501230009825000100022126000440023127000760027530000210035170000330037270000250040576000100043094200300044099900190047095201280048920241122142535.0 aENG-142324 c500.00a9789392151279 aEN-125856 bDBAD a637.12First aContemporary Management:bReserch Practices Volume-2/cEditd by P. Aranganathan , S. Christina Sheela and R. V. Suresh aFirst aTamil NadubFirst Book Publishingc2024 bTamil Nadua61, 66 T. P. K. Main Road, Vasantha Nagar, Madurai,e625003 a377p.c25cm(pbk) aSheela, Christina S. 973342 aSuresh, R. V.973343 bFirst 2ddccENh637.1mCONe2024 c206680d206680 001040708NFICaBNbBNd2024-10-24eDBADg500.00l0o637.1 CONpEN-125856r2024-10-24 00:00:00t1v500.00w2024-10-24yEN